000 00872nam a2200277 a 4500
001 37047
003 BD-RjUL
005 20211209052555.0
008 141012s1992 nyuab b 001 0 eng
020 _a0716723336
035 _a(BD-RjUL)37149
040 _aDLC
_cDLC
_dDLC
_dBD-RjUL
_beng
041 _aeng
082 0 0 _a574.188
_220
_bDUS 1992
100 1 _aDusenbery, David B.
_9113261
245 1 0 _aSensory ecology :
_bhow organisms acquire and respond to information /
_cDavid B. Dusenbery.
260 _aNew York :
_bW.H. Freeman,
_cc1992.
300 _axx, 558 p. :
_bill., maps ;
_c25 cm.
504 _aIncludes bibliographical references (p. 507-547) and index.
650 0 _aSenses and sensation.
_95252
650 0 _aEcology.
_9113262
650 0 _aPhysiology, Comparative.
_934271
942 _2ddc
_cBK
999 _c37047
_d37047